Industrial fire protection /

Bibliographic Details
Corporate Author: International Fire Service Training Association
Format: Book
Language:English
Published: Stillwater, Okla. : Fire Protection Publications, Oklahoma State University, [1982]
Edition:1st ed.
Subjects:

MARC

Tag First Indicator Second Indicator Subfields
LEADER 00000cam a2200000 a 4500
001 in00000019021
005 20151007054134.0
008 840427s1982 okua 00100 eng
010 |a  84155411  
020 |a 0879390476 (pbk.) 
035 |a (OCoLC)11260914 
035 |9 AAB4104AM 
040 |a DLC  |c DLC  |d m/c  |d TXA  |d UtOrBLW 
049 |a TXAM  |c [A11059970] 
050 0 0 |a TH9445.M4  |b I53 1982 
082 0 |a 628.9/22  |2 19 
245 0 0 |a Industrial fire protection /  |c validated by the International Fire Service Training Association. 
250 |a 1st ed. 
264 1 |a Stillwater, Okla. :  |b Fire Protection Publications, Oklahoma State University,  |c [1982] 
264 4 |c ©1982 
300 |a xvi, 207 pages :  |b illustrations (some color) ;  |c 28 cm. 
336 |a text  |b txt  |2 rdacontent 
337 |a unmediated  |b n  |2 rdamedia 
338 |a volume  |b nc  |2 rdacarrier 
500 |a Includes index. 
650 0 |a Industrial buildings  |x Fires and fire prevention. 
710 2 |a International Fire Service Training Association. 
999 |a MARS 
999 f f |s c6cfc7a2-a6f0-3a85-a076-7ca87dd92b99  |i 6e58f183-eeb5-3541-bb44-e70180cc204d  |t 0 
952 f f |p ric  |a Texas A&M University  |b Rellis Campus  |c Joint Library Facility  |d Remote Storage  |t 0  |e TH9445.M4 I53 1982  |h Library of Congress classification  |i unmediated -- volume  |m A14811059970 
998 f f |a TH9445.M4 I53 1982  |t 0  |l Remote Storage